[Event "Khanty-Mansiysk Governor Cup"]
[Site "Khanty-Mansiysk"]
[Date "2007.11.25"]
[Round "5"]
[White "Savitskiy, Sergey"]
[Black "Budnikov, Alexandar"]
[Result "0-1"]
[WhiteElo "2095"]
[BlackElo "2530"]
[PlyCount "30"]
[EventDate "2007.11.21"]
[EventType "swiss"]
[EventRounds "9"]
[EventCountry "RUS"]
[SourceTitle "CBM 121 Extra"]
[Source "ChessBase"]
[SourceDate "2008.01.10"]
[SourceVersion "1"]
[SourceVersionDate "2008.01.10"]
[SourceQuality "1"]

1. e4 c5 2. Nf3 e6 3. d4 cxd4 4. Nxd4 Nf6 5. Nc3 Bb4 6. e5 Ne4 7. Qg4 Qa5 8. Ndb5 Nxc3 9. Bd2 Nd5 10. Qxg7 Bxd2+ 11. Kd1 Rf8 12. Nd6+ Ke7 13. c4 Bf4 14. Ne4 Bxe5 15. Qg5+ f6 0-1

[Event "Khanty-Mansiysk Governor Cup"]
[Site "Khanty-Mansiysk"]
[Date "2007.11.21"]
[Round "1"]
[White "Budnikov, Alexandar"]
[Black "Potapov, Pavel"]
[Result "0-1"]
[WhiteElo "2530"]
[BlackElo "2379"]
[PlyCount "74"]
[EventDate "2007.11.21"]
[EventType "swiss"]
[EventRounds "9"]
[EventCountry "RUS"]
[SourceTitle "CBM 121 Extra"]
[Source "ChessBase"]
[SourceDate "2008.01.10"]
[SourceVersion "1"]
[SourceVersionDate "2008.01.10"]
[SourceQuality "1"]

1. e4 c5 2. Nf3 Nc6 3. d4 cxd4 4. Nxd4 e5 5. Nb5 d6 6. c4 Be7 7. N1c3 a6 8. Na3 f5 9. exf5 Bxf5 10. Bd3 Be6 11. 0-0 Nf6 12. Bg5 0-0 13. Rc1 Rc8 14. Bxf6 gxf6 15. Nd5 f5 16. b3 Kh8 17. Bb1 Bf6 18. Nc2 Bg7 19. Nce3 Qh4 20. f4 Nd4 21. Qe1 Qh5 22. Rf2 b5 23. Qd1 Qxd1+ 24. Rxd1 bxc4 25. bxc4 e4 26. Rfd2 Bxd5 27. cxd5 Nb5 28. Kf2 Bc3 29. Rc2 Bd4 30. Rc6 Bc5 31. Rc1 Rxc6 32. dxc6 Nd4 33. Bc2 Nxc6 34. Bb3 Nd4 35. g3 Rb8 36. Rc3 a5 37. Ke1 Bb4 0-1

[Event "Vladivostok op"]
[Site "Vladivostok"]
[Date "1995.??.??"]
[Round "3"]
[White "Budnikov, Alexandar"]
[Black "Saltaev, Mihail"]
[Result "1/2-1/2"]
[WhiteElo "2535"]
[BlackElo "2495"]
[PlyCount "33"]
[EventDate "1995.??.??"]
[EventType "swiss"]
[EventRounds "9"]
[EventCountry "RUS"]
[SourceTitle "CBM 046 Extra"]
[Source "ChessBase"]
[SourceDate "1995.07.01"]
[SourceVersion "1"]
[SourceVersionDate "1995.07.01"]
[SourceQuality "1"]

1. d4 Nf6 2. c4 d6 3. Nc3 Nbd7 4. e4 e5 5. Nf3 g6 6. Be2 Bg7 7. 0-0 0-0 8. Be3 Ng4 9. Bg5 f6 10. Bd2 Nh6 11. dxe5 dxe5 12. b4 c6 13. c5 Qe7 14. Be3 Nf7 15. Qb3 Re8 16. Nd2 Nf8 17. Nc4 1/2-1/2

[Event "Moscow PCA-op rapid"]
[Site "Moscow"]
[Date "1994.??.??"]
[Round "11"]
[White "Budnikov, Alexandar"]
[Black "Azmaiparashvili, Zurab"]
[Result "0-1"]
[WhiteElo "2535"]
[BlackElo "2625"]
[PlyCount "68"]
[EventDate "1994.??.??"]
[EventType "swiss (rapid)"]
[EventRounds "7"]
[EventCountry "RUS"]
[SourceTitle "CBM 040 Extra"]
[Source "ChessBase"]
[SourceDate "1994.07.01"]
[SourceVersion "1"]
[SourceVersionDate "1994.07.01"]
[SourceQuality "1"]

1. d4 d6 2. c4 g6 3. Nc3 Bg7 4. e4 e5 5. Be3 exd4 6. Bxd4 Nf6 7. f3 0-0 8. Qd2 Re8 9. Nge2 Nc6 10. Be3 Ne5 11. Nf4 c6 12. h4 Qe7 13. 0-0-0 Rd8 14. Kb1 Be6 15. b3 d5 16. Nxe6 Qxe6 17. cxd5 cxd5 18. exd5 Qd7 19. Bb5 Qd6 20. Bg5 Rdc8 21. Bxf6 Qxf6 22. Ne4 Qb6 23. Be2 a5 24. d6 a4 25. b4 a3 26. Rc1 Rd8 27. Rhd1 Ra4 28. b5 Nc6 29. Rc3 Rd4 30. Qc2 Rb4+ 31. Rb3 Nd4 32. Qc7 Nxb3 33. axb3 Rxb3+ 34. Kc2 Rb2+ 0-1

[Event "Moscow PCA-op rapid"]
[Site "Moscow"]
[Date "1994.??.??"]
[Round "2"]
[White "Budnikov, Alexandar"]
[Black "Bareev, Evgeny"]
[Result "0-1"]
[WhiteElo "2535"]
[BlackElo "2685"]
[PlyCount "116"]
[EventDate "1994.??.??"]
[EventType "swiss (rapid)"]
[EventRounds "7"]
[EventCountry "RUS"]
[SourceTitle "CBM 040 Extra"]
[Source "ChessBase"]
[SourceDate "1994.07.01"]
[SourceVersion "1"]
[SourceVersionDate "1994.07.01"]
[SourceQuality "1"]

1. c4 f5 2. g3 Nf6 3. Bg2 g6 4. Nf3 Bg7 5. 0-0 0-0 6. Nc3 d6 7. d3 Nc6 8. Rb1 e5 9. Bg5 Ne7 10. Qd2 Be6 11. b4 Qd7 12. b5 Rab8 13. a4 Kh8 14. a5 c5 15. bxc6 Nxc6 16. Bxf6 Bxf6 17. Nd5 Bd8 18. Ra1 Qg7 19. a6 b5 20. Ng5 Bxg5 21. Qxg5 bxc4 22. dxc4 e4 23. Qd2 Rb2 24. Qd1 Nd4 25. e3 Bxd5 26. cxd5 Ne2+ 27. Kh1 Nc3 28. Qc1 Rfb8 29. Ra3 Nb1 30. Ra4 Nd2 31. Rd1 Nb3 32. Qc6 Nc5 33. Rc4 R2b6 34. Rxc5 dxc5 35. Qxc5 Rb1 36. Rf1 Qe5 37. Qxa7 Qxd5 38. Kg1 Qd6 39. h4 Qb6 40. Qf7 Qxa6 41. Rxb1 Rxb1+ 42. Kh2 Qd6 43. h5 Rb8 44. Bh3 Rf8 45. Qb7 gxh5 46. Qb2+ Qf6 47. Qb4 Kg7 48. Qc5 h4 49. Qc7+ Rf7 50. Qf4 hxg3+ 51. Qxg3+ Kh8 52. Qb8+ Rf8 53. Qf4 Qg6 54. Qe5+ Qg7 55. Qf4 Rg8 56. Qg3 Qxg3+ 57. fxg3 Rf8 58. Bf1 Kg7 0-1

[Event "Vladivostok"]
[Site "Vladivostok"]
[Date "1994.??.??"]
[Round "1"]
[White "Budnikov, Alexandar"]
[Black "Filippov, Valerij"]
[Result "1/2-1/2"]
[WhiteElo "2535"]
[BlackElo "2405"]
[PlyCount "108"]
[EventDate "1994.??.??"]
[EventType "swiss"]
[EventRounds "9"]
[EventCountry "RUS"]
[SourceTitle "CBM 043 Extra"]
[Source "ChessBase"]
[SourceDate "1995.01.01"]
[SourceVersion "1"]
[SourceVersionDate "1995.01.01"]
[SourceQuality "1"]

1. c4 g6 2. Nc3 Bg7 3. g3 c5 4. Bg2 Nc6 5. Nf3 e5 6. 0-0 Nge7 7. Ne1 0-0 8. Nc2 d6 9. a3 Be6 10. Ne3 a5 11. Ned5 Rb8 12. d3 Qd7 13. Rb1 Bh3 14. Nb6 Qe6 15. Ncd5 Bxg2 16. Kxg2 Nc8 17. Nxc8 Rfxc8 18. Nb6 Rf8 19. Bd2 f5 20. b4 axb4 21. axb4 cxb4 22. Bxb4 f4 23. Nd5 Rf7 24. Bc3 g5 25. f3 fxg3 26. hxg3 Rbf8 27. Qd2 g4 28. Qe3 gxf3+ 29. Rxf3 Qg6 30. Rh1 Nd8 31. Rxf7 Rxf7 32. Rf1 Bh6 33. Qb6 Nc6 34. Rxf7 Qxf7 35. Qf2 Qxf2+ 36. Kxf2 Kf7 37. Kf3 Bg5 38. Ke4 Ke6 39. e3 Bd8 40. d4 Ba5 41. Bb2 h5 42. Nc3 exd4 43. exd4 Ne7 44. d5+ Kd7 45. Ne2 Be1 46. Bf6 Ng6 47. Kf5 h4 48. gxh4 Nxh4+ 49. Bxh4 Bxh4 50. Nc3 Bf2 51. Ne4 Bd4 52. Kg6 Ke7 53. Ng3 Be5 54. Nf5+ Ke8 1/2-1/2

[Event "Vladivostok"]
[Site "Vladivostok"]
[Date "1994.??.??"]
[Round "9"]
[White "Budnikov, Alexandar"]
[Black "Ryskin, Alexander"]
[Result "1/2-1/2"]
[WhiteElo "2535"]
[BlackElo "2515"]
[PlyCount "20"]
[EventDate "1994.??.??"]
[EventType "swiss"]
[EventRounds "9"]
[EventCountry "RUS"]
[SourceTitle "CBM 043 Extra"]
[Source "ChessBase"]
[SourceDate "1995.01.01"]
[SourceVersion "1"]
[SourceVersionDate "1995.01.01"]
[SourceQuality "1"]

1. d4 d5 2. c4 e6 3. Nc3 Nf6 4. cxd5 Nxd5 5. e4 Nxc3 6. bxc3 c5 7. Nf3 cxd4 8. cxd4 Bb4+ 9. Bd2 Bxd2+ 10. Qxd2 0-0 1/2-1/2

[Event "Vladivostok"]
[Site "Vladivostok"]
[Date "1994.??.??"]
[Round "6"]
[White "Budnikov, Alexandar"]
[Black "Saltaev, Mihail"]
[Result "1-0"]
[WhiteElo "2535"]
[BlackElo "2485"]
[PlyCount "99"]
[EventDate "1994.??.??"]
[EventType "swiss"]
[EventRounds "9"]
[EventCountry "RUS"]
[SourceTitle "CBM 043 Extra"]
[Source "ChessBase"]
[SourceDate "1995.01.01"]
[SourceVersion "1"]
[SourceVersionDate "1995.01.01"]
[SourceQuality "1"]

1. d4 Nf6 2. c4 c5 3. d5 e5 4. Nc3 d6 5. e4 Nbd7 6. Bd3 Be7 7. Nge2 0-0 8. h3 Ne8 9. g4 Bg5 10. Ng3 g6 11. Bd2 Ng7 12. Qc1 Bh4 13. Rg1 Kh8 14. Be3 a6 15. a4 Rb8 16. Qd2 Nf6 17. Kd1 Nfe8 18. Kc2 Bd7 19. Nf1 Nc7 20. f4 exf4 21. Bxf4 Bf6 22. Qh2 Bd4 23. Rg2 Nce8 24. Nd2 f6 25. Nf3 Be5 26. h4 b5 27. h5 Bxf4 28. Qxf4 g5 29. Nxg5 Nc7 30. Nf3 bxc4 31. Bxc4 Qe7 32. Nh4 Qe5 33. Qh6 Kg8 34. Nf3 Qe8 35. b3 Nb5 36. axb5 axb5 37. g5 Qxh5 38. Qxh5 Nxh5 39. gxf6+ Kh8 40. Be2 Nxf6 41. Nd2 b4 42. Nd1 Ra8 43. Rxa8 Rxa8 44. Nb2 Re8 45. Nbc4 Nxe4 46. Nxe4 Rxe4 47. Nxd6 Rf4 48. Bb5 Bh3 49. Rg3 Rf2+ 50. Kd3 1-0

[Event "Reykjavik op"]
[Site "Reykjavik"]
[Date "1994.??.??"]
[Round "7"]
[White "Budnikov, Alexandar"]
[Black "Sokolov, Ivan"]
[Result "0-1"]
[WhiteElo "2535"]
[BlackElo "2650"]
[PlyCount "80"]
[EventDate "1994.02.??"]
[EventType "swiss"]
[EventRounds "9"]
[EventCountry "ISL"]
[SourceTitle "CBM 039 Extra"]
[Source "ChessBase"]
[SourceDate "1994.05.01"]
[SourceVersion "1"]
[SourceVersionDate "1994.05.01"]
[SourceQuality "1"]

1. c4 e5 2. Nc3 Nc6 3. Nf3 Nf6 4. g3 Bc5 5. d3 h6 6. Bg2 0-0 7. 0-0 d6 8. a3 a5 9. e3 Bb6 10. h3 Be6 11. b3 Qd7 12. Kh2 d5 13. cxd5 Nxd5 14. Na4 Ba7 15. Qc2 Qd6 16. Bd2 Rad8 17. Rfc1 f5 18. Nc5 Bxc5 19. Qxc5 e4 20. Qxd6 Rxd6 21. Nd4 Nxd4 22. exd4 exd3 23. Bxa5 f4 24. Rd1 fxg3+ 25. fxg3 Ra8 26. Be1 Bf5 27. g4 Bg6 28. Bg3 Rd7 29. Rd2 c6 30. a4 Nb4 31. Re1 Nc2 32. Re6 Bh7 33. d5 cxd5 34. Rb6 Be4 35. Bf2 Rc8 36. Re6 Na1 37. Bxe4 dxe4 38. Rxe4 Nxb3 39. Rd1 d2 40. Be3 Rc1 0-1

[Event "Berliner Sommer 12th"]
[Site "Berlin"]
[Date "1994.??.??"]
[Round "?"]
[White "Budnikov, Alexandar"]
[Black "Tseitlin, Mark D"]
[Result "1/2-1/2"]
[WhiteElo "2535"]
[BlackElo "2465"]
[PlyCount "57"]
[EventDate "1994.08.??"]
[EventType "swiss"]
[EventRounds "9"]
[EventCountry "GER"]
[SourceTitle "EXT 1997"]
[Source "ChessBase"]
[SourceDate "1996.11.15"]
[SourceVersion "1"]
[SourceVersionDate "1996.11.15"]
[SourceQuality "1"]

1. c4 e5 2. g3 Nf6 3. Bg2 c6 4. d4 Bb4+ 5. Bd2 Bxd2+ 6. Qxd2 d6 7. Nc3 0-0 8. e4 c5 9. d5 Ne8 10. Nge2 Na6 11. 0-0 Bd7 12. a3 Rb8 13. f4 Qe7 14. b4 Nac7 15. b5 Na8 16. a4 a5 17. Nd1 exf4 18. gxf4 Nb6 19. Ne3 Ra8 20. Ng3 g6 21. Qc3 f6 22. Qc2 Ng7 23. Rae1 Rae8 24. Nd1 Qd8 25. Nb2 Bc8 26. Nd3 Nd7 27. Qc3 Qc7 28. Bh3 Nb6 29. Bxc8 1/2-1/2

[Event "Reykjavik op"]
[Site "Reykjavik"]
[Date "1994.??.??"]
[Round "9"]
[White "Budnikov, Alexandar"]
[Black "Van der Sterren, Paul"]
[Result "0-1"]
[WhiteElo "2535"]
[BlackElo "2605"]
[PlyCount "52"]
[EventDate "1994.02.??"]
[EventType "swiss"]
[EventRounds "9"]
[EventCountry "ISL"]
[SourceTitle "CBM 039 Extra"]
[Source "ChessBase"]
[SourceDate "1994.05.01"]
[SourceVersion "1"]
[SourceVersionDate "1994.05.01"]
[SourceQuality "1"]

1. c4 Nf6 2. Nc3 e6 3. e4 d5 4. e5 d4 5. Nce2 Nfd7 6. f4 c5 7. Nf3 Nc6 8. Ng3 f6 9. exf6 Nxf6 10. d3 Bd6 11. Ng5 0-0 12. Qf3 Nb4 13. Kd1 h6 14. N5e4 Nxe4 15. Nxe4 Bxf4 16. Bxf4 e5 17. Qh5 Rxf4 18. Qxe5 Bg4+ 19. Kd2 Qa5 20. a3 Raf8 21. Be2 Nc6+ 22. b4 Nxb4 23. axb4 Qxb4+ 24. Kc2 Bxe2 25. Rhb1 Bd1+ 26. Kc1 Bb3 0-1

[Event "Reykjavik op"]
[Site "Reykjavik"]
[Date "1994.??.??"]
[Round "3"]
[White "De Firmian, Nick E"]
[Black "Budnikov, Alexandar"]
[Result "1/2-1/2"]
[WhiteElo "2580"]
[BlackElo "2535"]
[PlyCount "33"]
[EventDate "1994.02.??"]
[EventType "swiss"]
[EventRounds "9"]
[EventCountry "ISL"]
[SourceTitle "CBM 039 Extra"]
[Source "ChessBase"]
[SourceDate "1994.05.01"]
[SourceVersion "1"]
[SourceVersionDate "1994.05.01"]
[SourceQuality "1"]

1. e4 e6 2. d4 d5 3. Nc3 dxe4 4. Nxe4 Nd7 5. Nf3 Ngf6 6. Bd3 Nxe4 7. Bxe4 Nf6 8. Bd3 c5 9. dxc5 Qa5+ 10. c3 Qxc5 11. Qe2 Be7 12. 0-0 0-0 13. Bg5 Rd8 14. Rad1 Bd7 15. Ne5 Be8 16. Rfe1 b5 17. a3 1/2-1/2

[Event "Reykjavik op"]
[Site "Reykjavik"]
[Date "1994.??.??"]
[Round "8"]
[White "Gislason, Gudmundur"]
[Black "Budnikov, Alexandar"]
[Result "0-1"]
[WhiteElo "2325"]
[BlackElo "2535"]
[PlyCount "50"]
[EventDate "1994.02.??"]
[EventType "swiss"]
[EventRounds "9"]
[EventCountry "ISL"]
[SourceTitle "CBM 039 Extra"]
[Source "ChessBase"]
[SourceDate "1994.05.01"]
[SourceVersion "1"]
[SourceVersionDate "1994.05.01"]
[SourceQuality "1"]

1. d4 e6 2. c4 b6 3. Nc3 Bb7 4. e4 Bb4 5. f3 f5 6. exf5 Nh6 7. fxe6 Nf5 8. Nge2 0-0 9. Qd3 Qh4+ 10. Kd1 dxe6 11. Kc2 Nc6 12. d5 Ncd4+ 13. Kb1 Rae8 14. g3 Nxg3 15. Nxg3 Rxf3 16. Qe4 Qxe4+ 17. Ngxe4 exd5 18. Nd2 Rf2 19. a3 Bxc3 20. bxc3 Ne2 21. Bxe2 Rexe2 22. Ra2 d4 23. Rf1 Rxf1 24. Nxf1 Be4+ 25. Ka1 Re1 0-1

[Event "Berliner Sommer 12th"]
[Site "Berlin"]
[Date "1994.??.??"]
[Round "?"]
[White "Rogozenco, Dorian"]
[Black "Budnikov, Alexandar"]
[Result "0-1"]
[WhiteElo "2405"]
[BlackElo "2535"]
[PlyCount "58"]
[EventDate "1994.08.??"]
[EventType "swiss"]
[EventRounds "9"]
[EventCountry "GER"]
[SourceTitle "EXT 1997"]
[Source "ChessBase"]
[SourceDate "1996.11.15"]
[SourceVersion "1"]
[SourceVersionDate "1996.11.15"]
[SourceQuality "1"]

1. d4 Nf6 2. c4 e6 3. Nc3 Bb4 4. Bg5 c5 5. d5 h6 6. Bh4 Bxc3+ 7. bxc3 d6 8. e3 Qe7 9. Nf3 Nbd7 10. Nd2 b6 11. Be2 Bb7 12. Ne4 g5 13. Nxf6+ Nxf6 14. Bg3 exd5 15. cxd5 Nxd5 16. Qa4+ Kf8 17. Qb3 Nf6 18. Rd1 Rd8 19. c4 Bxg2 20. Rg1 Bc6 21. Qd3 Ne4 22. Bf3 Kg7 23. h4 f6 24. Bh2 d5 25. Qc2 d4 26. Bh5 dxe3 27. f3 Rxd1+ 28. Qxd1 Rd8 29. Qc2 e2 0-1

[Event "St Petersburg zt"]
[Site "St Petersburg"]
[Date "1993.??.??"]
[Round "9"]
[White "Aseev, Konstantin N"]
[Black "Budnikov, Alexandar"]
[Result "1/2-1/2"]
[WhiteElo "2515"]
[BlackElo "2520"]
[PlyCount "113"]
[EventDate "1993.01.??"]
[EventType "swiss"]
[EventRounds "9"]
[EventCountry "RUS"]
[SourceTitle "CBM 034"]
[Source "ChessBase"]
[SourceDate "1993.06.01"]
[SourceVersion "1"]
[SourceVersionDate "1993.06.01"]
[SourceQuality "1"]

1. d4 Nf6 2. c4 e6 3. Nf3 b6 4. Nc3 Bb4 5. Bg5 Bb7 6. e3 h6 7. Bh4 c5 8. Bd3 cxd4 9. exd4 Bxf3 10. Qxf3 Nc6 11. Qe3 d5 12. 0-0 dxc4 13. Bxc4 0-0 14. Rad1 Na5 15. Ba6 Nd5 16. Qe4 Qd7 17. Nxd5 exd5 18. Qd3 Bd6 19. Bg3 Bxg3 20. hxg3 Qa4 21. Rc1 Rad8 22. Rfd1 Qb4 23. a3 Qd6 24. Rc3 Rfe8 25. b4 Nc4 26. Bxc4 dxc4 27. Qxc4 Re4 28. Qc7 Rxd4 29. Qxd6 R4xd6 30. Rxd6 Rxd6 31. Rc8+ Kh7 32. Rc7 a5 33. bxa5 bxa5 34. Rxf7 Rd1+ 35. Kh2 Ra1 36. Rf3 Ra2 37. g4 a4 38. Kg3 Rb2 39. Re3 g5 40. Kf3 Rb3 41. g3 Kg6 42. Ke4 Rb2 43. f3 h5 44. gxh5+ Kxh5 45. Rc3 Ra2 46. Rd3 Ra1 47. Kf5 Rb1 48. Ke5 Re1+ 49. Kd5 Rg1 50. f4 Kg6 51. Kc5 Rb1 52. Rd6+ Kg7 53. f5 Rb3 54. Rg6+ Kf7 55. Rxg5 Kf6 56. Rh5 Rxa3 57. Kd4 1/2-1/2

[Event "Lloyds Bank op 17th"]
[Site "London"]
[Date "1993.??.??"]
[Round "2"]
[White "Basman, Michael J"]
[Black "Budnikov, Alexandar"]
[Result "1-0"]
[WhiteElo "2350"]
[BlackElo "2535"]
[PlyCount "65"]
[EventDate "1993.08.??"]
[EventType "swiss"]
[EventRounds "10"]
[EventCountry "ENG"]
[SourceTitle "TD"]
[Source "ChessBase"]
[SourceDate "1994.03.01"]
[SourceVersion "1"]
[SourceVersionDate "1994.03.01"]
[SourceQuality "1"]

1. h3 d5 2. a3 e5 3. c4 d4 4. d3 a5 5. g4 Nc6 6. Nf3 h6 7. Nbd2 Nf6 8. Bg2 Be7 9. g5 hxg5 10. Nxg5 Nh5 11. Ndf3 f6 12. Ne4 g5 13. Qc2 Rg8 14. e3 dxe3 15. Bxe3 Ng7 16. d4 exd4 17. 0-0-0 Nf5 18. Ng3 Qd7 19. Rhe1 Nxe3 20. fxe3 d3 21. Rxd3 Qe6 22. Rd5 Bd7 23. Nf5 0-0-0 24. Qb3 Qe4 25. Ne5 Qxf5 26. Nxc6 Bxc6 27. Rxf5 Bxg2 28. e4 g4 29. hxg4 Rxg4 30. Rxa5 b6 31. c5 Kb7 32. c6+ Kb8 33. Ra8+ 1-0

[Event "Lloyds Bank op 17th"]
[Site "London"]
[Date "1993.??.??"]
[Round "3"]
[White "Budnikov, Alexandar"]
[Black "Anderton, Matthew"]
[Result "1-0"]
[WhiteElo "2535"]
[BlackElo "2155"]
[PlyCount "83"]
[EventDate "1993.08.??"]
[EventType "swiss"]
[EventRounds "10"]
[EventCountry "ENG"]
[SourceTitle "EXT 1998"]
[Source "ChessBase"]
[SourceDate "1997.11.17"]
[SourceVersion "1"]
[SourceVersionDate "1997.11.17"]
[SourceQuality "1"]

1. d4 Nf6 2. c4 e6 3. g3 c5 4. d5 exd5 5. cxd5 d6 6. Bg2 g6 7. Nc3 Bg7 8. Nf3 0-0 9. 0-0 Re8 10. Bf4 h6 11. Re1 Bf5 12. Qb3 Na6 13. Nh4 Bc8 14. Bd2 Ng4 15. Nf3 b5 16. Nxb5 Rb8 17. a4 Nc7 18. Ba5 Re7 19. Qc4 a6 20. Nxc7 Rxc7 21. Rab1 Qe7 22. Bxc7 Rb4 23. Bxd6 Qxd6 24. Qc2 Bd7 25. b3 c4 26. bxc4 Qc5 27. Rf1 Bf5 28. e4 Rxc4 29. Qxc4 Qxc4 30. exf5 Qxa4 31. fxg6 fxg6 32. d6 Qd7 33. Rfd1 a5 34. h3 a4 35. hxg4 a3 36. Rb8+ Kh7 37. Ra8 Bb2 38. g5 Qb7 39. d7 Qxa8 40. d8Q Qxd8 41. Rxd8 a2 42. Ra8 1-0

[Event "Moscow blitz"]
[Site "Moscow"]
[Date "1993.??.??"]
[Round "?"]
[White "Budnikov, Alexandar"]
[Black "Ivanovic, Bozidar"]
[Result "1-0"]
[WhiteElo "2520"]
[BlackElo "2470"]
[PlyCount "70"]
[EventDate "1993.??.??"]
[EventType "swiss (blitz)"]
[EventRounds "17"]
[EventCountry "RUS"]
[SourceTitle "EXT 1997"]
[Source "ChessBase"]
[SourceDate "1996.11.15"]
[SourceVersion "1"]
[SourceVersionDate "1996.11.15"]
[SourceQuality "1"]

1. c4 c6 2. g3 d5 3. Bg2 Nf6 4. Qc2 e6 5. Nf3 Be7 6. 0-0 0-0 7. d4 Nbd7 8. b3 b6 9. Bb2 Bb7 10. Nc3 Rc8 11. e4 dxe4 12. Nxe4 c5 13. Nfg5 Nxe4 14. Nxe4 cxd4 15. Bxd4 Qc7 16. Qb2 e5 17. Be3 Nf6 18. Qc2 Bxe4 19. Bxe4 Bc5 20. Bg5 Nxe4 21. Qxe4 f6 22. Be3 Bxe3 23. Qxe3 Rfd8 24. Rad1 Rxd1 25. Rxd1 Rd8 26. Rxd8+ Qxd8 27. Qe4 Qd7 28. Kg2 g6 29. b4 Kf7 30. c5 b5 31. a3 Ke6 32. c6 Qd4 33. Qc2 Qd8 34. Qc5 Qc7 35. a4 a6 1-0

[Event "Lenk op"]
[Site "Lenk"]
[Date "1993.??.??"]
[Round "3"]
[White "Budnikov, Alexandar"]
[Black "Meszaros, Gyula"]
[Result "1-0"]
[WhiteElo "2520"]
[BlackElo "2260"]
[PlyCount "51"]
[EventDate "1993.??.??"]
[EventType "swiss"]
[EventRounds "9"]
[EventCountry "SUI"]
[SourceTitle "EXT 1997"]
[Source "ChessBase"]
[SourceDate "1996.11.15"]
[SourceVersion "1"]
[SourceVersionDate "1996.11.15"]
[SourceQuality "1"]

1. d4 d5 2. c4 e5 3. dxe5 d4 4. Nf3 Nc6 5. g3 Bg4 6. Bg2 Qd7 7. Qb3 0-0-0 8. 0-0 Qf5 9. Rd1 Nge7 10. Na3 Ng6 11. Nc2 Bc5 12. Nce1 Bb6 13. Nd3 Bxf3 14. Bxf3 Ncxe5 15. Bg2 Rhe8 16. Rf1 c6 17. a4 Nxd3 18. exd3 Ne5 19. a5 Bc5 20. a6 b6 21. Be4 Nf3+ 22. Kg2 Nh4+ 23. gxh4 Qg4+ 24. Kh1 Bd6 25. f4 f5 26. Bf3 1-0

[Event "Lenk op"]
[Site "Lenk"]
[Date "1993.??.??"]
[Round "8"]
[White "Budnikov, Alexandar"]
[Black "Robovic, Saudin"]
[Result "1-0"]
[WhiteElo "2520"]
[BlackElo "2365"]
[PlyCount "69"]
[EventDate "1993.??.??"]
[EventType "swiss"]
[EventRounds "9"]
[EventCountry "SUI"]
[SourceTitle "EXT 1997"]
[Source "ChessBase"]
[SourceDate "1996.11.15"]
[SourceVersion "1"]
[SourceVersionDate "1996.11.15"]
[SourceQuality "1"]

1. c4 g6 2. d4 Bg7 3. Nc3 d6 4. e4 a6 5. Be3 c6 6. h3 Nd7 7. Nf3 b5 8. Be2 e6 9. 0-0 bxc4 10. Bxc4 d5 11. Bd3 Ne7 12. Qd2 h6 13. Na4 dxe4 14. Bxe4 Nf6 15. Bd3 Nfd5 16. Ne5 Nxe3 17. Qxe3 0-0 18. Nc5 a5 19. Rfd1 Rb8 20. b3 Qc7 21. Rac1 Rd8 22. Be4 Nd5 23. Qg3 Rb4 24. f4 Nxf4 25. Qxf4 Rdxd4 26. Rxd4 Rxd4 27. Nxg6 e5 28. Qg3 Rxe4 29. Nxe4 f5 30. Rxc6 Qa7+ 31. Qf2 Qxf2+ 32. Kxf2 fxe4 33. Rxc8+ Kh7 34. Nf8+ Bxf8 35. Rxf8 1-0

[Event "Porz Citroen-Cup"]
[Site "Cologne"]
[Date "1993.??.??"]
[Round "8"]
[White "Budnikov, Alexandar"]
[Black "Teske, Henrik"]
[Result "1-0"]
[WhiteElo "2535"]
[BlackElo "2475"]
[PlyCount "71"]
[EventDate "1993.??.??"]
[EventType "tourn"]
[EventRounds "9"]
[EventCountry "GER"]
[EventCategory "9"]
[SourceTitle "EXT 1999"]
[Source "ChessBase"]
[SourceDate "1998.11.16"]
[SourceVersion "1"]
[SourceVersionDate "1998.11.16"]
[SourceQuality "1"]

1. d4 Nf6 2. c4 c5 3. d5 b5 4. cxb5 a6 5. bxa6 g6 6. Nc3 Bxa6 7. Nf3 d6 8. e4 Bxf1 9. Kxf1 Bg7 10. g3 0-0 11. Kg2 Nbd7 12. h3 Ra6 13. Re1 Qa8 14. Re2 Rb8 15. Qc2 Nb6 16. Rb1 Na4 17. Nd1 Nd7 18. b3 Qb7 19. Bf4 Qb5 20. Rd2 Nab6 21. Re2 Ra3 22. Bc1 Ra7 23. Re1 Rba8 24. a4 Qa6 25. Ne3 Rc8 26. Bd2 c4 27. a5 c3 28. axb6 cxd2 29. Qxd2 Qxb6 30. Nc4 Qa6 31. Nd4 Nc5 32. Nc6 Rb7 33. N4a5 Rbc7 34. b4 Na4 35. Rec1 Qb6 36. Nc4 1-0

[Event "Moscow blitz"]
[Site "Moscow"]
[Date "1993.??.??"]
[Round "?"]
[White "Bykhovsky, Avigdor"]
[Black "Budnikov, Alexandar"]
[Result "1/2-1/2"]
[WhiteElo "2520"]
[BlackElo "2520"]
[PlyCount "67"]
[EventDate "1993.??.??"]
[EventType "swiss (blitz)"]
[EventRounds "17"]
[EventCountry "RUS"]
[SourceTitle "EXT 1997"]
[Source "ChessBase"]
[SourceDate "1996.11.15"]
[SourceVersion "1"]
[SourceVersionDate "1996.11.15"]
[SourceQuality "1"]

1. d4 Nf6 2. c4 e6 3. Nf3 g6 4. h3 Bg7 5. Nc3 b6 6. Bf4 Bb7 7. Qd2 h6 8. a3 d6 9. e3 Nbd7 10. Be2 0-0 11. 0-0 Qe7 12. Bh2 Ne4 13. Nxe4 Bxe4 14. Ne1 Bb7 15. Bf3 Bxf3 16. Nxf3 e5 17. Rad1 e4 18. Ne1 f5 19. b4 Qf7 20. Qe2 Rae8 21. Nc2 g5 22. f3 Qg6 23. fxe4 Rxe4 24. Rf2 f4 25. c5 fxe3 26. Rxf8+ Nxf8 27. cxd6 cxd6 28. d5 Nd7 29. Rd3 Nf6 30. Bxd6 g4 31. Rxe3 Rxe3 32. Nxe3 gxh3 33. Kh2 hxg2 34. Qxg2 1/2-1/2